000 01932 a2200409 4500
001 19465999
003 0000
005 20251016134743.0
008 170123s2017 flu 000 0 eng
010 _a 2017002659
020 _a9781032110035
020 _z978315382180 (set : e-book)
035 _a19465999
035 _a(DNLM)101698992
040 _aDNLM/DLC
_cDLC
_erda
042 _apcc
050 0 0 _aRG123
060 1 0 _aWP 140
082 0 0 _a618.1
_223
100 _4Editor
_aCrosbie, Emma J
245 0 0 _aGynaecology by ten teachers /
_c[edited by] Louise Kenny and Helen Bickerstaff.
250 _a21st edition.
263 _a1703
264 1 _aBoca Raton :
_bCRC Press/Taylor & Francis Group,
_c[2017]
300 _axv, 274 pages
_ccm.
336 _atext
_2rdacontent
337 _aunmediated
_2rdamedia
338 _avolume
_2rdacarrier
500 _aIncluding Index
504 _aIncluding Index
505 0 _aThe development and anatomy of the female sexual organs and pelvis -- Gynaecological history, examination and investigations -- Hormonal control of the menstrual cycle and hormonal disorders -- Disorders of menstrual bleeding -- Implantation and early pregnancy -- Contraception -- Sub-fertility -- The menopause and post reproductive health -- Genitourinary problems -- Urogynaecology and pelvic floor problems -- Benign conditions of the ovary and pelvis -- Benign conditions of the uterus, cervix and endometrium -- Benign conditions of the vulva and vagina and psychosexual disorders -- Malignant disease of the ovary -- Malignant disease of the uterus -- Premalignant and malignant disease of the lower genital tract -- Surgery and therapeutics in gyanaecology.
650 1 2 _aGenital Diseases, Female
700 1 _aKenny, Louise C.
_q(Louise Clare),
_eeditor.
700 1 _aBickerstaff, Helen,
_eeditor.
906 _a7
_bcbc
_corignew
_d1
_eecip
_f20
_gy-gencatlg
942 _2lcc
_cBK
999 _c43840
_d43840